| 000 | 00800cab a2200301 4500 | ||
|---|---|---|---|
| 001 | ABS50465 | ||
| 008 | 090401t1994 xxu||||| |||| 00| 0 eng d | ||
| 035 | _a(Sirsi) u75915 | ||
| 041 | _aeng | ||
| 100 | _aMarvin, P. | ||
| 245 | _aHome sweet office | ||
| 260 | _c1994 | ||
| 350 | _a0 | ||
| 490 |
_aValuer (ISVA) _vMarch 1994, 6(1) |
||
| 520 | _aLooks at the trend for converting empty office space into residential accommodation. | ||
| 650 | _aALEMBIC HOUSE | ||
| 650 | _aCONVERSION | ||
| 650 | _aEMPTY OFFICES | ||
| 650 | _aHOUSING ASSOCIATIONS | ||
| 650 | _aMOORFIELDS EYE HOSPITAL | ||
| 650 | _aOFFICES | ||
| 650 | _aREGALIAN PROPERTIES | ||
| 650 | _aRESIDENTIAL USE | ||
| 690 | _aPROPERTY-PROPERTY DEVELOPMENT | ||
| 690 | _aHOUSING | ||
| 942 | _n0 | ||
| 948 | _c04/03/1997 | ||
| 999 |
_c47758 _d47758 |
||